History Quiz

Random History or State Quiz

Front Runner States Quiz Stats

 Plays Quiz not verified by Sporcle

Challenge
Share
Tweet
Score 0/31 Timer 02:00
0 Plays Today
State % Correct
New York
90.4%
Maine
88.3%
Vermont
87.2%
Florida
86.2%
Texas
84%
New Hampshire
83%
Ohio
79.8%
Oregon
78.7%
Massachusetts
77.7%
Indiana
77.7%
New Jersey
76.6%
Alaska
75.5%
Hawaii
75.5%
Illinois
75.5%
Virginia
74.5%
Connecticut
74.5%
State % Correct
Delaware
74.5%
Oklahoma
72.3%
Arizona
70.2%
Rhode Island
69.1%
Missouri
69.1%
Iowa
69.1%
Utah
67%
Nebraska
67%
New Mexico
66%
North Dakota
66%
North Carolina
66%
West Virginia
64.9%
Wyoming
61.7%
Montana
61.7%
Tennessee
59.6%

You're not logged in!

Compare scores with friends on all Sporcle quizzes.
Join for Free
OR
Log In

You Might Also Like...

Show Comments

Extras

Top Quizzes Today


Score Distribution

Your Account Isn't Verified!

In order to create a playlist on Sporcle, you need to verify the email address you used during registration. Go to your Sporcle Settings to finish the process.

Report this User

Report this user for behavior that violates our Community Guidelines.

Details: